000 00585nam a2200193Ia 4500
003 GCL
008 140319s9999 xx 000 0 ara d
040 _aGCL /
_cGCL
082 0 4 _a910.1
_bو ق
100 1 _aوسيم عبد الحميد
245 1 0 _aالقوة العاملة فى دولة البحرين /
_cوسيم عبد الحميد
260 _a[S.N] :
_bمعهد البحوث والدراسات العربية ،
_c1988
300 _a131 ص
490 _a
650 0 4 _aالاجتماع
650 0 4 _aالجغرافيا
650 0 4 _aالبحرين
942 _2ddc
_cBK
999 _c31566
_d31566